000 01095nam2a22002531 4500
001 v19\rc\1903698
005 20251118180534.0
035 _a(NLR Aleph) 004994736
090 _a6323539
_c6323539
100 _a20080404d1913 u y0rusy50 ca
101 0 _arus
102 _aRU
105 _ay z |||||
200 0 _aза 1912 год
_e6-й год
210 _d1913
215 _a14 с.
461 0 _1001v19\rc\1903695
_12001#$aОтчет О-ва распространения правильных сведений о евреях и еврействе...$vза 1912 год
_96323514
_aОбщество распространения правильных сведений о евреях и еврействе (Москва)
_cМосква
_d1911-1916
_p5 т.
_tОтчет О-ва распространения правильных сведений о евреях и еврействе...
_vза 1912 год
801 0 _aRU
_bNLR
_gpsbo
801 0 _aRU
_bRuMoRGB
_2psbo
801 1 _aRU
_bProSoft-M
_2rusmarc
852 _aNLR
_j19.78.6.27
899 _aRuMoRGB
_jP 78/200
942 _cBOOK
980 _aNB